Music Quiz

Random Music or Artist Quiz

Top 10 Artists Each Year (1990s) Quiz Stats

 Plays Quiz Updated Sep 14, 2012

Challenge
Share
Tweet
Score 0/100 Timer 10:00
0 Plays Today
Year Artist % Correct
1992Michael Jackson
82.7%
1995Michael Jackson
82.7%
1990Janet Jackson
75.8%
1993Janet Jackson
75.8%
1994Janet Jackson
75.8%
1995Janet Jackson
75.8%
1998Janet Jackson
75.8%
1990Madonna
74.9%
1992Madonna
74.9%
1994Madonna
74.9%
1995Madonna
74.9%
1997Backstreet Boys
67.5%
1990Mariah Carey
66%
1991Mariah Carey
66%
1992Mariah Carey
66%
1993Mariah Carey
66%
1994Mariah Carey
66%
1995Mariah Carey
66%
1996Mariah Carey
66%
1999Mariah Carey
66%
1993Whitney Houston
62.3%
1999Whitney Houston
62.3%
1997Elton John
48.5%
1994Celine Dion
47.7%
1996Celine Dion
47.7%
1998Celine Dion
47.7%
1991Boyz II Men
45.7%
1992Boyz II Men
45.7%
1994Boyz II Men
45.7%
1995Boyz II Men
45.7%
1996Boyz II Men
45.7%
1999Christina Aguilera
42.7%
1992TLC
37.6%
1995TLC
37.6%
Year Artist % Correct
1999TLC
37.6%
1997Spice Girls
37.2%
1997Puff Daddy
33.3%
1998Puff Daddy
33.3%
1999Cher
31.9%
1990New Kids on the Block
31.6%
1993Dr. Dre
30.2%
1997The Notorious BIG
29.6%
1998Shania Twain
28.3%
1997Usher
27.2%
1998Usher
27.2%
1991Paula Abdul
27%
1991Bryan Adams
26.3%
1990Phil Collins
25.6%
1999Jennifer Lopez
24.3%
1999Ricky Martin
22.4%
1994R. Kelly
21%
1998Brandy
19.7%
1994Toni Braxton
19.1%
1996Toni Braxton
19.1%
1997Toni Braxton
19.1%
1999Santana
19.1%
1998Monica
19%
1999Monica
19%
1994Ace of Base
18.5%
1992En Vogue
18.2%
1992Vanessa Williams
17%
1995Coolio
16.4%
1990Michael Bolton
16.3%
1991Michael Bolton
16.3%
1997Jewel
14.7%
1990Sinéad O'Connor
14.3%
1990Wilson Phillips
13.9%
1995Seal
13.8%
Year Artist % Correct
1996LL Cool J
13.8%
1992Eric Clapton
13.7%
1990Roxette
13.3%
1991Roxette
13.3%
1996Los Del Rio
12.6%
1991Color Me Badd
11.8%
1998Savage Garden
11.7%
1996The Tony Rich Project
11.4%
1997LeAnn Rimes
11.3%
1993SWV
10.8%
1992Sir Mix-a-Lot
10.7%
1993Meat Loaf
10.1%
1994All-4-One
10.1%
1991Amy Grant
10%
1996Donna Lewis
9.9%
1993Snow
9.6%
1991C+C Music Factory
9.6%
1997Faith Evans
9.6%
1995Montell Jordan
9.5%
1992Kris Kross
9.4%
1994Lisa Loeb & Nine Stories
9.2%
1990Bell Biv Devoe
8.9%
1993UB40
8.3%
1998Next
7.4%
1991Extreme
7%
1999Sixpence None the Richer
7%
1996Bone Thugs-n-harmony
6.9%
1993Silk
6.2%
1996Keith Sweat
6.1%
1993Tag Team
5.9%
1995Real McCoy
4.7%
1998Jennifer Paige
4%

You're not logged in!

Compare scores with friends on all Sporcle quizzes.
OR
Log In

You Might Also Like...

Show Comments

Extras

Top Quizzes Today


Score Distribution

Your Account Isn't Verified!

In order to create a playlist on Sporcle, you need to verify the email address you used during registration. Go to your Sporcle Settings to finish the process.

Report this User

Report this user for behavior that violates our Community Guidelines.

Details: